Countries of the Americas - Statistics

General Stats
  • This quiz has been taken 13 times
  • The average score is 18 of 35
Answers on the Map
Answers color-coded by a green-red scale on the quiz's map according to % correct below.
 
Answer Stats
Country % Correct
Canada
86%
Colombia
86%
Mexico
86%
Peru
86%
United States
86%
Venezuela
86%
Argentina
71%
Bolivia
71%
Brazil
71%
Chile
71%
Guyana
71%
Paraguay
71%
Uruguay
71%
Costa Rica
57%
Cuba
57%
Dominica
57%
Ecuador
57%
El Salvador
57%
Jamaica
57%
Panama
57%
Suriname
57%
Belize
43%
Haiti
43%
Honduras
43%
Nicaragua
43%
Bahamas
29%
Grenada
29%
Guatamala
29%
Trinidad and Tobago
29%
Antigua and Barbuda
14%
Barbados
14%
Saint Kitts and Nevis
14%
Saint Lucia
14%
Saint Vincent and the Grenadines
14%
Dominican Republci
0%
No matching quizzes found
Score Distribution
Percent of People with Each Score
Percentile by Number Answered
Your Score History
You have not taken this quiz